| 000 | 00770nam a2200205 i 4500 | ||
|---|---|---|---|
| 001 | 49992 | ||
| 003 | ES-MaACL | ||
| 005 | 20240422105725.0 | ||
| 007 | t| | ||
| 008 | 030728m19651966sp ||||1| spa d | ||
| 245 | 0 | 0 |
_aCrestomatía del español medieval / _cpor Ramón Menéndez Pidal ... [et al.] ; acabada y revisada por Rafael Lapesa y María Soledad de Andrés. |
| 260 |
_aMadrid : _b[Gredos], _c1965-66. |
||
| 300 |
_a2 v. ; _c24 cm. |
||
| 500 | _aSeminario de Menéndez Pidal. Universidad de Madrid. Facultad de Filosofía y Letras. | ||
| 700 | 1 |
_aMenéndez Pidal, Ramón, _d1869-1968 _980315 |
|
| 700 | 0 |
_aLapesa, Rafael, _d1908-2001 _970146 |
|
| 700 | 1 |
_aAndrés, María Soledad de. _921579 |
|
| 852 |
_aES-MaACL _jE-4548-9 _bR.56904 |
||
| 999 |
_c49992 _d49992 |
||